Importancia de la teoría jurídica pura (Record no. 97602)

MARC details
000 -LEADER
fixed length control field nam a22 7a 4500
005 - DATE AND TIME OF LATEST TRANSACTION
control field 20200131123347.0
008 - FIXED-LENGTH DATA ELEMENTS--GENERAL INFORMATION
fixed length control field 200127b mx ||||| |||| 00| 0 spa d
020 ## - INTERNATIONAL STANDARD BOOK NUMBER
International Standard Book Number 9684762232
050 04 - LIBRARY OF CONGRESS CALL NUMBER
Classification number K339
Item number G37 1994
100 1# - MAIN ENTRY--PERSONAL NAME
Personal name García Máynez, Eduardo
245 13 - TITLE STATEMENT
Title Importancia de la teoría jurídica pura
Statement of responsibility, etc / Eduardo García Máynez
250 ## - EDITION STATEMENT
Edition statement 1a ed.
260 ## - PUBLICATION, DISTRIBUTION, ETC. (IMPRINT)
Place of publication, distribution, etc México :
Name of publisher, distributor, etc Distribuciones Fontamara,
Date of publication, distribution, etc 1994
300 ## - PHYSICAL DESCRIPTION
Extent 42 p. ;
Dimensions 21 cm.
490 0# - SERIES STATEMENT
Series statement Fontamara ;
Volume number/sequential designation 165.
504 ## - BIBLIOGRAPHY, ETC. NOTE
Bibliography, etc Incluye bibliografía
650 #7 - SUBJECT ADDED ENTRY--TOPICAL TERM
Source of heading or term lemb
Topical term or geographic name as entry element Positivismo legal
650 #7 - SUBJECT ADDED ENTRY--TOPICAL TERM
Source of heading or term lemb
Topical term or geographic name as entry element Derecho
General subdivision Filosofía
942 ## - ADDED ENTRY ELEMENTS (KOHA)
Source of classification or shelving scheme Biblioteca del Cogreso de los Estados Unidos
Koha item type Libro
Holdings
Estado de pérdida Fuente de clasificación Estado del daño No para préstamo Ubicación permanente Ubicación actual Apartado o colección Fecha de adquisición Edición Área del conocimiento Clasificación Código de Barras Date last seen Número de copia Costo por reposición Tipo de recurso
  Biblioteca del Cogreso de los Estados Unidos     Biblioteca del Posgrado en Derecho Biblioteca del Posgrado en Derecho Colección Ernesto Villanueva 27/01/2020 1a ed. Ciencias Sociales y Administrativas K339 G37 1994 BPD000001238 27/01/2020 1 1.00 Libro